[Event "Titled Tuesday intern op 28th Dec"]
[Site "Chess.com INT"]
[Date "2021.12.28"]
[Round "6"]
[White "Ballester Llagaria, Luis Eduardo"]
[Black "Lu, Jason"]
[Result "1-0"]
[WhiteElo "2298"]
[BlackElo "2030"]
[PlyCount "47"]
[EventDate "2021.12.28"]
[EventType "swiss (blitz)"]
[EventRounds "11"]
[EventCountry "USA"]
[SourceTitle "CBM 206 Extra"]
[Source "ChessBase"]
[SourceDate "2022.03.31"]
[SourceVersion "1"]
[SourceVersionDate "2022.03.31"]
[SourceQuality "1"]

1. e4 c5 2. Nc3 d6 3. Nf3 Nf6 4. d4 cxd4 5. Nxd4 a6 6. h3 e5 7. Nb3 h5 8. Qf3 Be6 9. Be3 Nbd7 10. 0-0-0 b5 11. Kb1 Be7 12. Nd5 Bxd5 13. exd5 Rc8 14. Bd3 h4 15. g4 hxg3 16. fxg3 Nb6 17. Bf5 Ra8 18. Na5 g6 19. Nc6 Qc7 20. Nxe7 Kxe7 21. Bg5 gxf5 22. Qxf5 Nbd7 23. Rhf1 Rh7 24. Qxh7 1-0

[Event "Titled Tuesday intern op 28th Dec"]
[Site "Chess.com INT"]
[Date "2021.12.28"]
[Round "2"]
[White "Lu, Jason"]
[Black "Desideri, Ricardo Maruchi"]
[Result "1-0"]
[WhiteElo "2030"]
[BlackElo "1939"]
[PlyCount "39"]
[EventDate "2021.12.28"]
[EventType "swiss (blitz)"]
[EventRounds "11"]
[EventCountry "USA"]
[SourceTitle "CBM 206 Extra"]
[Source "ChessBase"]
[SourceDate "2022.03.31"]
[SourceVersion "1"]
[SourceVersionDate "2022.03.31"]
[SourceQuality "1"]

1. e4 c5 2. Nf3 d6 3. d4 cxd4 4. Nxd4 Nf6 5. Nc3 a6 6. h3 e6 7. g4 h6 8. Bg2 Be7 9. Be3 0-0 10. 0-0 Qc7 11. a4 b6 12. e5 Nd5 13. Nxd5 exd5 14. Bxd5 Bb7 15. Bxb7 Qxb7 16. exd6 Bxd6 17. Nf5 Be5 18. c3 Nc6 19. Qd5 Rad8 20. Qxc6 1-0

[Event "Titled Tuesday intern op 28th Dec"]
[Site "Chess.com INT"]
[Date "2021.12.28"]
[Round "1"]
[White "Mikhailovsky, Vladimir"]
[Black "Lu, Jason"]
[Result "1-0"]
[WhiteElo "2184"]
[BlackElo "2030"]
[PlyCount "111"]
[EventDate "2021.12.28"]
[EventType "swiss (blitz)"]
[EventRounds "11"]
[EventCountry "USA"]
[SourceTitle "CBM 206 Extra"]
[Source "ChessBase"]
[SourceDate "2022.03.31"]
[SourceVersion "1"]
[SourceVersionDate "2022.03.31"]
[SourceQuality "1"]

1. d4 Nf6 2. c4 g6 3. Nc3 Bg7 4. Nf3 d6 5. Bg5 h6 6. Bh4 g5 7. Bg3 Nh5 8. e4 e6 9. Bd3 Nd7 10. Qd2 Qe7 11. 0-0-0 Nxg3 12. hxg3 g4 13. Nh2 Bxd4 14. Nxg4 Bg7 15. Nxh6 Ne5 16. Be2 Bd7 17. Ng4 0-0-0 18. Nxe5 Bxe5 19. Qe3 Kb8 20. g4 Rxh1 21. Rxh1 Qf6 22. g3 Bd4 23. Qf3 Qxf3 24. Bxf3 Bxf2 25. Rh7 Rf8 26. g5 Bb6 27. g6 fxg6 28. Rxd7 Kc8 29. Rg7 Rxf3 30. Rxg6 Kd7 31. Kd2 Rf2+ 32. Ne2 e5 33. Rg7+ Ke6 34. b4 Rf7 35. Rg6+ Rf6 36. Rg8 Rf3 37. a4 a5 38. b5 Ra3 39. Nc3 Bd4 40. Nd5 c6 41. bxc6 bxc6 42. Nc7+ Kd7 43. Rg7+ Kc8 44. Ne6 Rxa4 45. Rc7+ Kb8 46. Rxc6 Ra2+ 47. Kd3 Ra3+ 48. Kc2 Ra2+ 49. Kb3 Rb2+ 50. Ka4 Rb6 51. Rxb6+ Bxb6 52. Kb5 Kb7 53. g4 Be3 54. g5 Kc8 55. g6 a4 56. g7 1-0

[Event "Titled Tuesday intern op 07th Sept"]
[Site "Chess.com INT"]
[Date "2021.09.07"]
[Round "3"]
[White "Chernikov, Vladimir"]
[Black "Lu, Jason"]
[Result "0-1"]
[WhiteElo "2225"]
[BlackElo "2030"]
[PlyCount "118"]
[EventDate "2021.09.07"]
[EventType "swiss (blitz)"]
[EventRounds "11"]
[EventCountry "USA"]
[SourceTitle "EXT 2022"]
[Source "ChessBase"]
[SourceDate "2021.10.06"]
[SourceVersion "1"]
[SourceVersionDate "2021.10.06"]
[SourceQuality "1"]

1. c4 Nf6 2. Nc3 g6 3. e4 Bg7 4. d4 d6 5. h3 0-0 6. Be3 c5 7. Nf3 cxd4 8. Nxd4 Nc6 9. Be2 Bd7 10. 0-0 a6 11. a3 Qc7 12. b4 Nxd4 13. Bxd4 Bc6 14. Bf3 b5 15. c5 Rfd8 16. cxd6 Qxd6 17. e5 Bxf3 18. exd6 Bxd1 19. Raxd1 Rxd6 20. Bc5 Rd7 21. Rxd7 Nxd7 22. Nd5 Nxc5 23. bxc5 Kf8 24. c6 Rc8 25. Rc1 Bb2 26. Rc2 Bd4 27. Kf1 e6 28. Nb4 a5 29. Na6 Ke7 30. Ke2 Kd6 31. Kd3 Bb6 32. Ke4 Rxc6 33. Rd2+ Ke7 34. Nb8 Rd6 35. Rc2 f5+ 36. Kf4 Kf6 37. Rc8 Bxf2 38. Rf8+ Ke7 39. Rh8 Rd4+ 40. Kf3 Rd8 41. Nc6+ Kd7 42. Rxd8+ Kxc6 43. Kxf2 b4 44. axb4 axb4 45. Rh8 b3 46. Rb8 e5 47. Rxb3 e4 48. Ke3 Kd5 49. Kf4 Kd4 50. Re3 g5+ 51. Kxg5 Kxe3 52. Kxf5 Kd3 53. g4 e3 54. h4 e2 55. g5 e1Q 56. h5 Qe4+ 57. Kf6 Qf4+ 58. Kg7 Qxg5+ 59. Kxh7 Qxh5+ 0-1

[Event "Titled Tuesday intern op 07th Sept"]
[Site "Chess.com INT"]
[Date "2021.09.07"]
[Round "1"]
[White "Lu, Jason"]
[Black "Khumalo, Keith"]
[Result "0-1"]
[WhiteElo "2030"]
[BlackElo "2108"]
[PlyCount "78"]
[EventDate "2021.09.07"]
[EventType "swiss (blitz)"]
[EventRounds "11"]
[EventCountry "USA"]
[SourceTitle "EXT 2022"]
[Source "ChessBase"]
[SourceDate "2021.10.06"]
[SourceVersion "1"]
[SourceVersionDate "2021.10.06"]
[SourceQuality "1"]

1. e4 c5 2. Nf3 d6 3. d4 cxd4 4. Nxd4 Nf6 5. Nc3 a6 6. h3 e6 7. g4 Be7 8. g5 Nfd7 9. Be3 b5 10. a3 Bb7 11. h4 Nc5 12. Bg2 Nbd7 13. Qd2 Ne5 14. b3 Rc8 15. h5 Ng4 16. f4 Nxe3 17. Qxe3 e5 18. Nf5 exf4 19. Qd4 Bxg5 20. Nxg7+ Kd7 21. Bh3+ Kc7 22. Bxc8 Bh4+ 23. Ke2 Bf6 24. Nd5+ Bxd5 25. Qxd5 Bxg7 26. Rag1 Qf6 27. b4 f3+ 28. Kf1 Qa1+ 29. Kf2 Qd4+ 30. Kxf3 Qc3+ 31. Kg4 Be5 32. Qxf7+ Kxc8 33. bxc5 Qxc2 34. cxd6 Qxe4+ 35. Kh3 Qe3+ 36. Kg2 Qe2+ 37. Kh3 Qe3+ 38. Kg4 Qe4+ 39. Kg5 h6# 0-1

[Event "Titled Tuesday intern op 07th Sept"]
[Site "Chess.com INT"]
[Date "2021.09.07"]
[Round "2"]
[White "Lu, Jason"]
[Black "Osmak, Iulija"]
[Result "0-1"]
[WhiteElo "2030"]
[BlackElo "2428"]
[PlyCount "20"]
[EventDate "2021.09.07"]
[EventType "swiss (blitz)"]
[EventRounds "11"]
[EventCountry "USA"]
[SourceTitle "EXT 2022"]
[Source "ChessBase"]
[SourceDate "2021.10.06"]
[SourceVersion "1"]
[SourceVersionDate "2021.10.06"]
[SourceQuality "1"]

1. e4 e5 2. Nf3 d6 3. Be2 Nf6 4. Nc3 Be7 5. 0-0 0-0 6. d4 exd4 7. Nxd4 Re8 8. Be3 Bf8 9. f3 d5 10. Bd3 c5 0-1

[Event "Titled Tuesday intern op 07th Sept"]
[Site "Chess.com INT"]
[Date "2021.09.07"]
[Round "9"]
[White "Lu, Jason"]
[Black "Zong, Davis Jr"]
[Result "0-1"]
[WhiteElo "2030"]
[BlackElo "2141"]
[PlyCount "78"]
[EventDate "2021.09.07"]
[EventType "swiss (blitz)"]
[EventRounds "11"]
[EventCountry "USA"]
[SourceTitle "EXT 2022"]
[Source "ChessBase"]
[SourceDate "2021.10.06"]
[SourceVersion "1"]
[SourceVersionDate "2021.10.06"]
[SourceQuality "1"]

1. e4 c5 2. Nf3 d6 3. d4 cxd4 4. Nxd4 Nf6 5. Nc3 a6 6. h3 Nc6 7. g4 h6 8. Bg2 e6 9. Be3 Qc7 10. Qd2 Be7 11. 0-0 0-0 12. Rad1 Bd7 13. f4 Rac8 14. f5 Ne5 15. Qe2 b5 16. a3 Nc4 17. Bc1 Nxa3 18. g5 hxg5 19. Bxg5 Nc4 20. b3 Ne5 21. Bd2 b4 22. Na2 a5 23. Kh1 d5 24. exd5 exd5 25. Rg1 Bc5 26. Bf4 Rfe8 27. Ne6 fxe6 28. Bxe5 exf5 29. Bxd5+ Kh8 30. Rxg7 Qxe5 31. Qg2 Bd6 32. Rg1 Qxd5 33. Qxd5 Nxd5 34. Rxd7 Re6 35. Rgg7 Nf6 36. Rdf7 Rxc2 37. Rg6 Re1+ 38. Rg1 Rxg1+ 39. Kxg1 Ne4 0-1

[Event "Titled Tuesday intern op 13th July"]
[Site "Chess.com INT"]
[Date "2021.07.13"]
[Round "4"]
[White "Buker, Muhittin"]
[Black "Lu, Jason"]
[Result "0-1"]
[WhiteElo "1996"]
[BlackElo "2068"]
[PlyCount "152"]
[EventDate "2021.07.13"]
[EventType "swiss (blitz)"]
[EventRounds "11"]
[EventCountry "USA"]
[SourceTitle "CBM 203 Extra"]
[Source "ChessBase"]
[SourceDate "2021.09.30"]
[SourceVersion "1"]
[SourceVersionDate "2021.09.30"]
[SourceQuality "1"]

1. d4 Nf6 2. c4 g6 3. Nc3 Bg7 4. e4 d6 5. Nf3 0-0 6. Be2 e5 7. 0-0 Na6 8. Be3 Ng4 9. Bg5 Qe8 10. dxe5 dxe5 11. h3 f6 12. Bc1 Nh6 13. Be3 c6 14. c5 Be6 15. a3 Nf7 16. Qc2 f5 17. b4 Nc7 18. Rfd1 Qe7 19. Bc1 f4 20. Bb2 g5 21. Nd2 Nh6 22. f3 Nf7 23. Bc4 Rad8 24. Qb3 Bxc4 25. Nxc4 Ne6 26. Ne2 h5 27. Rxd8 Rxd8 28. Rd1 g4 29. hxg4 hxg4 30. fxg4 Neg5 31. Rxd8+ Qxd8 32. Nd6 Qd7 33. a4 Qxg4 34. Kf1 Qd7 35. Nc1 Kf8 36. Nxf7 Qxf7 37. Qxf7+ Kxf7 38. Nd3 Ke6 39. Nf2 Bf8 40. a5 Be7 41. Ke2 Bd8 42. Kd3 b6 43. axb6 axb6 44. Ng4 bxc5 45. bxc5 Nf7 46. Kc4 Bc7 47. Bc3 Ng5 48. Nf2 Kd7 49. Kd3 Ne6 50. Kc4 Nf8 51. Ng4 Ke6 52. Be1 Ng6 53. Nh6 Bd8 54. Nf5 Kd7 55. Bc3 Bf6 56. Ba5 Nf8 57. Bc3 Ne6 58. Nd6 Ng5 59. Kd3 Be7 60. Bb4 Bxd6 61. cxd6 Nf7 62. Kc4 Nxd6+ 63. Kd3 Nf7 64. Bf8 Ke6 65. Kc4 Nd6+ 66. Kd3 Nb5 67. Kc4 Nd4 68. Kc5 Nc2 69. Kxc6 Ne3 70. Kc5 Nxg2 71. Kc4 Kf6 72. Kd3 Ne1+ 73. Ke2 Nc2 74. Kd3 Nd4 75. Bc5 Ne6 76. Bd6 Nd8 0-1

[Event "Dulles Cherry Blossom op"]
[Site "Dulles"]
[Date "2021.05.29"]
[Round "4"]
[White "Lu, Jason"]
[Black "Paciorkowski, Lev"]
[Result "1/2-1/2"]
[WhiteElo "2048"]
[BlackElo "2220"]
[PlyCount "116"]
[EventDate "2021.05.27"]
[EventType "swiss"]
[EventRounds "9"]
[EventCountry "USA"]
[SourceTitle "CBM 203 Extra"]
[Source "ChessBase"]
[SourceDate "2021.09.30"]
[SourceVersion "1"]
[SourceVersionDate "2021.09.30"]
[SourceQuality "1"]

1. e4 c6 2. Nf3 d5 3. Nc3 Bg4 4. h3 Bxf3 5. Qxf3 e6 6. Be2 Nd7 7. 0-0 Ngf6 8. d4 dxe4 9. Nxe4 Be7 10. c4 0-0 11. Bd2 Nc5 12. Nxc5 Bxc5 13. dxc5 Qxd2 14. Rab1 Qb4 15. Qe3 Nd7 16. Rfd1 Rad8 17. Rd6 Nxc5 18. Rxd8 Rxd8 19. a3 Qb6 20. b4 Nd7 21. Qg3 Rc8 22. Rd1 Qc7 23. Rd6 Nf6 24. Qd3 Nd5 25. Qg3 Nf6 26. Qd3 h6 27. Bd1 Nd5 28. Qg3 Nf6 29. Qd3 Kf8 30. Qd4 Ke7 31. c5 Ne8 32. Qh4+ g5 33. Qxh6 Nxd6 34. Qxg5+ Kd7 35. cxd6 Qxd6 36. Bg4 c5 37. bxc5 Qxc5 38. Qf6 Qe7 39. Qd4+ Qd6 40. Qe3 a6 41. g3 Rc5 42. h4 Qe5 43. Qf3 f5 44. Bh3 Kc7 45. Bg2 Rb5 46. Kh2 Kb8 47. h5 Qf6 48. Qd3 e5 49. a4 e4 50. Qe3 f4 51. Qxe4 fxg3+ 52. fxg3 Rxh5+ 53. Kg1 Qb6+ 54. Kf1 Rc5 55. Bf3 Qb2 56. Be2 Qe5 57. Qh4 Qe3 58. Qg4 Rc1+ 1/2-1/2

[Event "Dulles Colonial op 2nd"]
[Site "Dulles"]
[Date "2021.04.03"]
[Round "3"]
[White "Cardwell, Guy"]
[Black "Lu, Jason"]
[Result "0-1"]
[WhiteElo "1904"]
[BlackElo "2068"]
[PlyCount "130"]
[EventDate "2021.04.02"]
[EventType "swiss"]
[EventRounds "5"]
[EventCountry "USA"]
[SourceTitle "CBM 202 Extra"]
[Source "ChessBase"]
[SourceDate "2021.07.31"]
[SourceVersion "1"]
[SourceVersionDate "2021.07.31"]
[SourceQuality "1"]

1. e4 c5 2. Nc3 d6 3. d4 cxd4 4. Qxd4 Nc6 5. Qd2 g6 6. b3 Bh6 7. f4 e5 8. Nb5 Bxf4 9. Qxd6 Qxd6 10. Nxd6+ Kf8 11. Ba3 Nge7 12. Bd3 b6 13. Ne2 Be3 14. Rf1 Be6 15. Nxf7 Bxf7 16. Bc4 Nd8 17. Rd1 Bc5 18. b4 Be3 19. Rd3 Bg5 20. Rdf3 Bf4 21. Bxf7 Kxf7 22. g3 g5 23. Bb2 Ng6 24. gxf4 gxf4 25. Nxf4 exf4 26. Rxf4+ Ke7 27. Bxh8 Nxh8 28. Rh4 Nhf7 29. Rxh7 Rc8 30. Kd2 Rc4 31. c3 Rxe4 32. a4 a5 33. Kd3 Rg4 34. h3 Rg5 35. Rf4 Ke6 36. Kc4 Ne5+ 37. Kb3 Ndf7 38. Rhh4 Rg1 39. Rf2 Rb1+ 40. Rb2 Re1 41. Rd4 Nc6 42. Rc4 Nfe5 43. Rh4 axb4 44. cxb4 Rd1 45. Ka2 Kd5 46. Rg2 Nf3 47. Rh5+ Kd4 48. Kb2 Nce5 49. Rh8 Nd3+ 50. Ka3 Nfe5 51. Rd8+ Kc3 52. Rc8+ Nc4+ 53. Rxc4+ Kxc4 54. Rc2+ Kd4 55. Rc8 Ra1+ 56. Kb3 Rb1+ 57. Ka3 Nxb4 58. h4 Nd3 59. Ka2 Rb2+ 60. Ka3 Rb1 61. Ka2 Rh1 62. Rh8 Kc3 63. Rc8+ Kb4 64. Rc6 Rh2+ 65. Ka1 Kb3 0-1

[Event "Titled Tuesday intern op 16th Feb"]
[Site "Chess.com INT"]
[Date "2021.02.16"]
[Round "10"]
[White "Li, Hui"]
[Black "Lu, Jason"]
[Result "1-0"]
[WhiteElo "1985"]
[BlackElo "2068"]
[PlyCount "95"]
[EventDate "2021.02.16"]
[EventType "swiss (blitz)"]
[EventRounds "11"]
[EventCountry "USA"]
[SourceTitle "EXT 2022"]
[Source "ChessBase"]
[SourceDate "2021.10.06"]
[SourceVersion "1"]
[SourceVersionDate "2021.10.06"]
[SourceQuality "1"]

1. e4 c5 2. Nf3 d6 3. d4 cxd4 4. Nxd4 Nf6 5. Nc3 a6 6. Be2 e6 7. 0-0 Be7 8. a4 0-0 9. f4 Qc7 10. Be3 b6 11. Bf3 Bb7 12. f5 e5 13. Nb3 Nbd7 14. g4 Nc5 15. Nxc5 bxc5 16. g5 Nd7 17. Nd5 Bxd5 18. Qxd5 Nb6 19. Qd3 Rab8 20. Qxa6 Ra8 21. Qe2 Rxa4 22. b3 Rxa1 23. Rxa1 Ra8 24. Rxa8+ Nxa8 25. Qa6 Nb6 26. h4 f6 27. Be2 Kf8 28. Bc4 Nxc4 29. Qxc4 Qc6 30. g6 hxg6 31. fxg6 Qe8 32. h5 f5 33. exf5 Bf6 34. h6 gxh6 35. Bxh6+ Bg7 36. Bxg7+ Kxg7 37. Qd5 Qd7 38. Qe4 Qe7 39. Qg4 Qf6 40. Qh5 Kf8 41. Kg2 Qg7 42. Kf3 d5 43. Qg5 e4+ 44. Kg4 Qc3 45. Qd8+ Kg7 46. Qe7+ Kg8 47. Qf7+ Kh8 48. Qh7# 1-0

[Event "Titled Tuesday intern op 16th Feb"]
[Site "Chess.com INT"]
[Date "2021.02.16"]
[Round "3"]
[White "Lu, Jason"]
[Black "Schmakel, Sam A"]
[Result "0-1"]
[WhiteElo "2068"]
[BlackElo "2435"]
[PlyCount "76"]
[EventDate "2021.02.16"]
[EventType "swiss (blitz)"]
[EventRounds "11"]
[EventCountry "USA"]
[SourceTitle "EXT 2022"]
[Source "ChessBase"]
[SourceDate "2021.10.06"]
[SourceVersion "1"]
[SourceVersionDate "2021.10.06"]
[SourceQuality "1"]

1. e4 e6 2. f4 d5 3. e5 c5 4. Nf3 Nh6 5. c3 Nc6 6. Na3 Nf5 7. Nc2 Be7 8. d4 0-0 9. Bd3 Qb6 10. g4 Nh4 11. 0-0 Nxf3+ 12. Qxf3 cxd4 13. cxd4 Nxd4 14. Nxd4 Qxd4+ 15. Kh1 Bd7 16. h4 Bc6 17. Kh2 f6 18. exf6 Qxf6 19. g5 Qf7 20. Qg4 Bd6 21. h5 g6 22. hxg6 hxg6 23. Re1 Rae8 24. Bd2 Bxf4+ 25. Bxf4 Qxf4+ 26. Qxf4 Rxf4 27. Kg3 Rb4 28. Bxg6 Re7 29. b3 e5 30. Re2 Rg7 31. Bc2 Rxg5+ 32. Kf2 Rf4+ 33. Ke1 Rg1+ 34. Kd2 Rxa1 35. Rxe5 Rxa2 36. Rg5+ Kf8 37. Re5 Rf2+ 38. Kd3 Raxc2 0-1

[Event "Titled Tuesday intern op 16th Feb"]
[Site "Chess.com INT"]
[Date "2021.02.16"]
[Round "8"]
[White "Lu, Jason"]
[Black "Zaichenko, Daria"]
[Result "0-1"]
[WhiteElo "2068"]
[BlackElo "2104"]
[PlyCount "60"]
[EventDate "2021.02.16"]
[EventType "swiss (blitz)"]
[EventRounds "11"]
[EventCountry "USA"]
[SourceTitle "EXT 2022"]
[Source "ChessBase"]
[SourceDate "2021.10.06"]
[SourceVersion "1"]
[SourceVersionDate "2021.10.06"]
[SourceQuality "1"]

1. e4 c5 2. Nf3 Nc6 3. d4 cxd4 4. Nxd4 Nf6 5. Nc3 d6 6. Bg5 e6 7. Qd2 Be7 8. 0-0-0 0-0 9. f4 Bd7 10. Nb3 a6 11. Kb1 b5 12. a3 Ra7 13. Bxf6 Bxf6 14. Qxd6 b4 15. axb4 Be7 16. Qd3 Nxb4 17. Qe3 Rb7 18. Nc5 Qb6 19. e5 Bxc5 20. Qe4 Bc6 21. Qc4 Nxc2 22. Qa2 Na3+ 23. Ka1 Qb3 24. Qxb3 Rxb3 25. Rc1 Rfb8 26. Nd1 Bd4 27. Rxc6 Bxb2+ 28. Nxb2 Rxb2 29. Rc8+ Rxc8 30. Kxb2 Nc4+ 0-1

[Event "Titled Tuesday intern op 16th Feb"]
[Site "Chess.com INT"]
[Date "2021.02.16"]
[Round "6"]
[White "Player, Edmund C"]
[Black "Lu, Jason"]
[Result "1-0"]
[WhiteElo "2172"]
[BlackElo "2068"]
[PlyCount "91"]
[EventDate "2021.02.16"]
[EventType "swiss (blitz)"]
[EventRounds "11"]
[EventCountry "USA"]
[SourceTitle "EXT 2022"]
[Source "ChessBase"]
[SourceDate "2021.10.06"]
[SourceVersion "1"]
[SourceVersionDate "2021.10.06"]
[SourceQuality "1"]

1. e4 c5 2. Nf3 d6 3. d4 cxd4 4. Nxd4 Nf6 5. Nc3 a6 6. h3 e5 7. Nde2 h5 8. g3 Be6 9. Bg2 Be7 10. 0-0 b5 11. Bg5 Nbd7 12. a3 0-0 13. Qd2 Rc8 14. Rad1 Qc7 15. f4 Bc4 16. Rf2 Qc5 17. f5 Rfd8 18. Nc1 Qc7 19. Nd3 Nc5 20. Nb4 a5 21. Nd3 Nxd3 22. cxd3 Bb3 23. Re1 b4 24. axb4 axb4 25. Ne2 Qc2 26. Qxb4 Rb8 27. Qc3 Rdc8 28. Qxc2 Rxc2 29. Nc3 Rxf2 30. Kxf2 Bc2 31. Ke3 Rxb2 32. Ra1 Bxd3 33. Kxd3 Rxg2 34. Ne2 Kh7 35. Ra7 Nd5 36. Bxe7 Nb4+ 37. Ke3 Nc2+ 38. Kf3 Ne1+ 39. Ke3 Nc2+ 40. Kd3 Ne1+ 41. Kd2 Nf3+ 42. Ke3 Ne1 43. Bxd6 Nc2+ 44. Kd2 Nd4 45. Kd3 Nxe2 46. Bxe5 1-0

[Event "Titled Tuesday intern op 16th Feb"]
[Site "Chess.com INT"]
[Date "2021.02.16"]
[Round "4"]
[White "Tsukerman, Julia"]
[Black "Lu, Jason"]
[Result "1-0"]
[WhiteElo "1523"]
[BlackElo "2068"]
[PlyCount "111"]
[EventDate "2021.02.16"]
[EventType "swiss (blitz)"]
[EventRounds "11"]
[EventCountry "USA"]
[SourceTitle "EXT 2022"]
[Source "ChessBase"]
[SourceDate "2021.10.06"]
[SourceVersion "1"]
[SourceVersionDate "2021.10.06"]
[SourceQuality "1"]

1. e4 c5 2. Nf3 d6 3. d4 cxd4 4. Nxd4 Nf6 5. Nc3 a6 6. Be3 e6 7. f3 b5 8. Qd2 Nbd7 9. 0-0-0 Qc7 10. Kb1 b4 11. Nce2 d5 12. exd5 Nxd5 13. Bf2 Bb7 14. Bg3 Bd6 15. Bxd6 Qxd6 16. c3 Rc8 17. cxb4 Qxb4 18. Qxb4 Nxb4 19. Nc3 Ke7 20. a3 Nd5 21. Nxd5+ Bxd5 22. Bxa6 Rb8 23. Rd2 Nc5 24. Be2 Rb7 25. Rc1 Nb3 26. Nxb3 Rxb3 27. Bc4 Bxc4 28. Rxc4 Rhb8 29. Ka2 f5 30. Rcd4 Kf6 31. R4d3 R3b6 32. b4 g5 33. Rd6 Rxd6 34. Rxd6 Ke5 35. Rd2 Kf4 36. Kb3 e5 37. a4 e4 38. fxe4 fxe4 39. a5 e3 40. Rd1 e2 41. Re1 Ke3 42. a6 Kf2 43. Ra1 Rd8 44. a7 Rd1 45. a8Q Rxa1 46. Qxa1 e1Q 47. Qxe1+ Kxe1 48. b5 Kf2 49. g4 Kg2 50. b6 Kxh2 51. b7 Kg3 52. b8Q+ Kxg4 53. Qh2 h5 54. Kc3 Kf5 55. Qxh5 Kf4 56. Qh1 1-0

[Event "North American-ch U20"]
[Site "Charlotte"]
[Date "2020.12.22"]
[Round "8"]
[White "Lu, Jason"]
[Black "Sheng, Joshua"]
[Result "0-1"]
[WhiteElo "2025"]
[BlackElo "2474"]
[PlyCount "96"]
[EventDate "2020.12.19"]
[EventType "swiss"]
[EventRounds "9"]
[EventCountry "USA"]
[SourceTitle "CBM 199 Extra"]
[Source "ChessBase"]
[SourceDate "2021.01.31"]
[SourceVersion "1"]
[SourceVersionDate "2021.01.31"]
[SourceQuality "1"]

1. e4 c5 2. b4 cxb4 3. a3 d5 4. exd5 Qxd5 5. Nf3 e6 6. c4 bxc3 7. Nxc3 Qd8 8. d4 Nf6 9. Bb5+ Bd7 10. Bd3 Bc6 11. 0-0 Nbd7 12. Bg5 Be7 13. Bc2 Nd5 14. Ne4 0-0 15. Qd3 g6 16. Bh6 Re8 17. Rfe1 N7f6 18. Ned2 Ng4 19. Be3 Rc8 20. Bb3 Qa5 21. Nc4 Qa6 22. Qd1 Nc3 23. Qd3 Bd5 24. Qxc3 Bxc4 25. Bd1 b5 26. Qb2 Qb7 27. Nd2 Nxe3 28. fxe3 Bd5 29. Rb1 a6 30. e4 Bc6 31. Bf3 Red8 32. Nb3 Qa7 33. Kh1 a5 34. Rbd1 b4 35. axb4 Bxb4 36. Rf1 a4 37. d5 a3 38. Qf6 exd5 39. Nd4 Ba4 40. exd5 Bc3 41. Rd3 Bb2 42. Bg4 a2 43. Bxc8 Rxc8 44. Nc6 Bxf6 45. Nxa7 Rb8 46. Ra3 Rb1 47. g3 Rxf1+ 48. Kg2 a1Q 0-1